中国每个经度人口最多的5个县级行政区(点位地图版) - Statistics

General Stats
  • This quiz has been taken 17 times
  • The average score is 110 of 290
Answers on the Map
Answers color-coded by a green-red scale on the quiz's map according to % correct below.
 
Answer Stats
纬度 省级行政区 人口 县级行政区 % Correct
76°E 新疆维吾尔自治区 782662 喀什市
79%
116°E 北京市 3452460 朝阳区
79%
116°E 北京市 3133469 海淀区
79%
125°E 吉林省 1074628 朝阳区
79%
80°E 新疆维吾尔自治区 715319 阿克苏市
71%
80°E 新疆维吾尔自治区 501028 和田市
71%
80°E 新疆维吾尔自治区 342603 和田县
71%
95°E 甘肃省 185231 敦煌市
71%
97°E 甘肃省 137736 玉门市
71%
107°E 重庆市 2191493 渝北区
71%
107°E 重庆市 1526821 九龙坡区
71%
108°E 重庆市 1564449 万州区
71%
110°E 广东省 1321091 雷州市
71%
114°E 广东省 4476554 宝安区
71%
116°E 北京市 2269487 昌平区
71%
117°E 北京市 1840295 通州区
71%
118°E 天津市 1973752 滨海新区
71%
119°E 福建省 2061551 晋江市
71%
120°E 山东省 1903595 黄岛区
71%
122°E 上海市 5681512 浦东新区
71%
134°E 黑龙江省 97329 抚远市
71%
86°E 新疆维吾尔自治区 779352 库尔勒市
64%
91°E 西藏自治区 478275 城关区
64%
95°E 青海省 221863 格尔木市
64%
97°E 青海省 88227 德令哈市
64%
104°E 甘肃省 1484016 城关区
64%
109°E 陕西省 1891363 未央区
64%
109°E 陕西省 1751296 长安区
64%
114°E 广东省 3979037 龙岗区
64%
114°E 广东省 2528872 龙华区
64%
116°E 北京市 2019764 丰台区
64%
118°E 福建省 1517514 南安市
64%
119°E 山东省 1172205 东港区
64%
120°E 江苏省 1779515 江阴市
64%
121°E 上海市 2235218 宝山区
64%
121°E 江苏省 2092496 昆山市
64%
124°E 辽宁省 568566 东港市
64%
133°E 黑龙江省 176112 同江市
64%
79°E 新疆维吾尔自治区 63487 昆玉市
57%
81°E 新疆维吾尔自治区 778047 伊宁市
57%
82°E 新疆维吾尔自治区 365307 伊宁县
57%
82°E 新疆维吾尔自治区 246706 博乐市
57%
83°E 新疆维吾尔自治区 158098 塔城市
57%
86°E 新疆维吾尔自治区 498587 石河子市
57%
98°E 云南省 267638 瑞丽市
57%
99°E 云南省 439931 芒市
57%
101°E 云南省 642737 景洪市
57%
105°E 四川省 1117265 简阳市
57%
106°E 重庆市 1477345 沙坪坝区
57%
107°E 重庆市 1197639 南岸区
57%
107°E 重庆市 1115016 涪陵区
57%
109°E 陕西省 2046737 雁塔区
57%
112°E 河南省 1247807 邓州市
57%
113°E 广东省 3742991 白云区
57%
113°E 广东省 3667247 南海区
57%
113°E 广东省 3229090 顺德区
57%
113°E 广东省 2658397 番禺区
57%
118°E 山东省 1338254 新泰市
57%
119°E 福建省 1390487 福清市
57%
120°E 浙江省 1859390 义乌市
57%
121°E 上海市 2653489 闵行区
57%
121°E 江苏省 2058010 姑苏区
57%
121°E 上海市 1909713 松江区
57%
124°E 辽宁省 469376 凤城市
57%
125°E 吉林省 862313 公主岭市
57%
130°E 吉林省 686136 延吉市
57%
133°E 黑龙江省 267870 虎林市
57%
75°E 新疆维吾尔自治区 39946 塔什库尔干塔吉克自治县
50%
76°E 新疆维吾尔自治区 290936 阿图什市
50%
81°E 新疆维吾尔自治区 328241 阿拉尔市
50%
85°E 新疆维吾尔自治区 229122 奎屯市
50%
87°E 新疆维吾尔自治区 607441 昌吉市
50%
94°E 新疆维吾尔自治区 151100 新星市
50%
97°E 青海省 141308 玉树市
50%
98°E 云南省 642481 腾冲市
50%
99°E 甘肃省 455611 肃州区
50%
100°E 云南省 771128 大理市
50%
102°E 云南省 631530 楚雄市
50%
104°E 四川省 1855186 武侯区
50%
104°E 四川省 1672025 郫都区
50%
104°E 四川省 1558466 新都区
50%
106°E 重庆市 1245294 合川区
50%
108°E 重庆市 1203306 开州区
50%
109°E 陕西省 1020259 灞桥区
50%
111°E 广东省 1503737 电白区
50%
113°E 广东省 2241826 天河区
50%
115°E 山东省 1600000 牡丹区
50%
116°E 广东省 1998619 普宁市
50%
117°E 山东省 1640000 历城区
50%
118°E 江苏省 1462563 邳州市
50%
120°E 浙江省 2011699 萧山区
50%
120°E 江苏省 1697380 武进区
50%
122°E 辽宁省 1798458 甘井子区
50%
122°E 辽宁省 1545491 金州区
50%
123°E 辽宁省 1335935 铁西区
50%
123°E 辽宁省 877287 皇姑区
50%
126°E 黑龙江省 666532 肇东市
50%
127°E 黑龙江省 811178 道外区
50%
77°E 新疆维吾尔自治区 860800 莎车县
43%
79°E 新疆维吾尔自治区 263245 图木舒克市
43%
87°E 新疆维吾尔自治区 73590 乌鲁木齐县
43%
101°E 云南省 416188 思茅区
43%
102°E 四川省 955041 西昌市
43%
102°E 青海省 489372 城东区
43%
102°E 青海省 417701 城北区
43%
104°E 四川省 2659829 双流区
43%
107°E 重庆市 1178856 巴南区
43%
110°E 广东省 1363470 廉江市
43%
111°E 广东省 1328657 高州市
43%
111°E 广东省 1291668 化州市
43%
111°E 广东省 1035411 茂南区
43%
112°E 湖南省 1038416 邵东市
43%
117°E 安徽省 1874930 蜀山区
43%
117°E 广东省 1654276 潮阳区
43%
118°E 山东省 1940000 兰山区
43%
119°E 江苏省 1926117 江宁区
43%
119°E 江苏省 1674978 沭阳县
43%
122°E 浙江省 1588187 鄞州区
43%
122°E 上海市 1242548 杨浦区
43%
126°E 黑龙江省 633880 双城区
43%
127°E 黑龙江省 1390679 南岗区
43%
127°E 黑龙江省 1097430 道里区
43%
128°E 黑龙江省 463358 尚志市
43%
131°E 黑龙江省 211855 鸡东县
43%
132°E 黑龙江省 339103 密山市
43%
75°E 新疆维吾尔自治区 60912 乌恰县
36%
76°E 新疆维吾尔自治区 355544 疏勒县
36%
76°E 新疆维吾尔自治区 263014 疏附县
36%
77°E 新疆维吾尔自治区 525436 叶城县
36%
77°E 新疆维吾尔自治区 162675 岳普湖县
36%
78°E 新疆维吾尔自治区 281573 皮山县
36%
79°E 新疆维吾尔自治区 366141 巴楚县
36%
80°E 新疆维吾尔自治区 571648 墨玉县
36%
80°E 新疆维吾尔自治区 286900 洛浦县
36%
83°E 新疆维吾尔自治区 530328 库车市
36%
85°E 新疆维吾尔自治区 337188 克拉玛依区
36%
88°E 新疆维吾尔自治区 799539 沙依巴克区
36%
88°E 新疆维吾尔自治区 652792 天山区
36%
91°E 西藏自治区 137451 堆龙德庆区
36%
94°E 新疆维吾尔自治区 569388 伊州区
36%
95°E 新疆维吾尔自治区 38464 伊吾县
36%
96°E 甘肃省 129299 瓜州县
36%
100°E 甘肃省 519096 甘州区
36%
100°E 云南省 389180 云县
36%
103°E 云南省 1602279 官渡区
36%
103°E 云南省 1143085 五华区
36%
105°E 贵州省 1004132 兴义市
36%
106°E 重庆市 1359611 江津区
36%
110°E 广西壮族自治区 1511011 桂平市
36%
111°E 湖南省 1196538 新化县
36%
112°E 广东省 936931 罗定市
36%
115°E 安徽省 1658442 临泉县
36%
115°E 江西省 1123276 章贡区
36%
123°E 辽宁省 1067905 海城市
36%
123°E 辽宁省 798765 浑南区
36%
124°E 辽宁省 711818 昌图县
36%
124°E 辽宁省 619375 沈北新区
36%
124°E 吉林省 537145 梨树县
36%
126°E 吉林省 635476 德惠市
36%
126°E 吉林省 509336 梅河口市
36%
127°E 黑龙江省 1120185 香坊区
36%
127°E 吉林省 836098 榆树市
36%
128°E 黑龙江省 225960 铁力市
36%
128°E 黑龙江省 182725 延寿县
36%
132°E 黑龙江省 414090 富锦市
36%
134°E 黑龙江省 130519 饶河县
36%
76°E 新疆维吾尔自治区 276641 英吉沙县
29%
77°E 新疆维吾尔自治区 214543 泽普县
29%
78°E 新疆维吾尔自治区 44369 阿合奇县
29%
78°E 新疆维吾尔自治区 无数据 和康县
29%
81°E 新疆维吾尔自治区 157792 策勒县
29%
82°E 新疆维吾尔自治区 257038 于田县
29%
83°E 新疆维吾尔自治区 306525 新源县
29%
85°E 新疆维吾尔自治区 262906 乌苏市
29%
85°E 新疆维吾尔自治区 84395 独山子区
29%
86°E 新疆维吾尔自治区 192098 玛纳斯县
29%
86°E 新疆维吾尔自治区 147859 和静县
29%
88°E 新疆维吾尔自治区 1011440 新市区
29%
88°E 新疆维吾尔自治区 549576 水磨沟区
29%
89°E 新疆维吾尔自治区 317443 高昌区
29%
89°E 新疆维吾尔自治区 153197 吉木萨尔县
29%
90°E 新疆维吾尔自治区 242310 鄯善县
29%
90°E 新疆维吾尔自治区 219811 奇台县
29%
93°E 新疆维吾尔自治区 65531 巴里坤哈萨克自治县
29%
99°E 云南省 903081 隆阳区
29%
100°E 云南省 441455 澜沧拉祜族自治县
29%
101°E 云南省 406642 祥云县
29%
103°E 云南省 987955 盘龙区
29%
103°E 云南省 960746 西山区
29%
103°E 甘肃省 885277 凉州区
29%
105°E 四川省 1298524 涪城区
29%
106°E 重庆市 1148896 永川区
29%
108°E 广西壮族自治区 1643819 西乡塘区
29%
108°E 广西壮族自治区 1124334 青秀区
29%
112°E 湖北省 923235 襄州区
29%
114°E 湖北省 2554403 洪山区
29%
114°E 河南省 2145588 金水区
29%
115°E 河南省 1169072 滑县
29%
123°E 辽宁省 1066062 于洪区
29%
125°E 吉林省 1032897 绿园区
29%
125°E 吉林省 856177 宽城区
29%
128°E 吉林省 392486 敦化市
29%
128°E 黑龙江省 260592 庆安县
29%
129°E 黑龙江省 322127 宁安市
29%
129°E 黑龙江省 292755 海林市
29%
130°E 黑龙江省 258345 依兰县
29%
77°E 新疆维吾尔自治区 424821 伽师县
21%
78°E 新疆维吾尔自治区 224154 麦盖提县
21%
79°E 新疆维吾尔自治区 205571 乌什县
21%
81°E 新疆维吾尔自治区 243303 霍城县
21%
81°E 新疆维吾尔自治区 157764 察布查尔锡伯自治县
21%
82°E 新疆维吾尔自治区 175766 巩留县
21%
83°E 新疆维吾尔自治区 278516 沙雅县
21%
83°E 新疆维吾尔自治区 194473 新和县
21%
86°E 新疆维吾尔自治区 301046 沙湾市
21%
87°E 新疆维吾尔自治区 192638 呼图壁县
21%
87°E 新疆维吾尔自治区 122961 焉耆回族自治县
21%
88°E 新疆维吾尔自治区 512870 米东区
21%
89°E 西藏自治区 158290 桑珠孜区
21%
89°E 西藏自治区 83531 南木林县
21%
90°E 新疆维吾尔自治区 99748 富蕴县
21%
90°E 西藏自治区 68650 江孜县
21%
90°E 新疆维吾尔自治区 67256 木垒哈萨克自治县
21%
91°E 西藏自治区 53701 贡嘎县
21%
92°E 西藏自治区 104490 色尼区
21%
92°E 西藏自治区 39683 安多县
21%
93°E 西藏自治区 32874 工布江达县
21%
94°E 西藏自治区 84254 巴宜区
21%
94°E 西藏自治区 56200 巴青县
21%
95°E 青海省 68759 杂多县
21%
96°E 西藏自治区 98677 丁青县
21%
98°E 云南省 292508 盈江县
21%
98°E 云南省 181364 陇川县
21%
98°E 云南省 134268 梁河县
21%
99°E 云南省 328864 永德县
21%
100°E 云南省 385420 凤庆县
21%
102°E 云南省 483753 安宁市
21%
105°E 云南省 1349795 镇雄县
21%
105°E 贵州省 1305066 七星关区
21%
110°E 广西壮族自治区 1390612 博白县
21%
117°E 安徽省 1766285 埇桥区
21%
125°E 吉林省 1066422 南关区
21%
126°E 吉林省 613836 九台区
21%
129°E 黑龙江省 183789 方正县
21%
130°E 黑龙江省 295017 向阳区
21%
130°E 黑龙江省 275436 爱民区
21%
131°E 黑龙江省 402345 鸡冠区
21%
131°E 黑龙江省 243945 集贤县
21%
132°E 黑龙江省 139795 绥滨县
21%
79°E 新疆维吾尔自治区 50619 柯坪县
14%
82°E 新疆维吾尔自治区 231113 拜城县
14%
84°E 新疆维吾尔自治区 137327 轮台县
14%
84°E 新疆维吾尔自治区 85451 托里县
14%
84°E 西藏自治区 26897 仲巴县
14%
84°E 西藏自治区 25327 改则县
14%
85°E 新疆维吾尔自治区 50825 白碱滩区
14%
87°E 新疆维吾尔自治区 75537 福海县
14%
89°E 新疆维吾尔自治区 134235 托克逊县
14%
91°E 西藏自治区 50596 林周县
14%
91°E 西藏自治区 47900 当雄县
14%
92°E 西藏自治区 49511 墨竹工卡县
14%
93°E 西藏自治区 38797 嘉黎县
14%
93°E 西藏自治区 23534 加查县
14%
93°E 西藏自治区 17648 朗县
14%
94°E 西藏自治区 72618 比如县
14%
96°E 青海省 90307 囊谦县
14%
96°E 西藏自治区 34858 波密县
14%
97°E 西藏自治区 148511 卡若区
14%
99°E 云南省 293022 施甸县
14%
101°E 云南省 341319 宾川县
14%
101°E 云南省 336832 永胜县
14%
108°E 广西壮族自治区 989823 江南区
14%
109°E 广西壮族自治区 1218140 灵山县
14%
110°E 广西壮族自治区 1211637 北流市
14%
112°E 山西省 959198 尧都区
14%
129°E 黑龙江省 179828 通河县
14%
129°E 黑龙江省 173320 伊美区
14%
130°E 黑龙江省 265340 郊区
14%
131°E 黑龙江省 262359 尖山区
14%
132°E 黑龙江省 331377 宝清县
14%
132°E 黑龙江省 101080 友谊县
14%
84°E 新疆维吾尔自治区 188642 额敏县
7%
92°E 西藏自治区 81608 乃东区
7%
92°E 西藏自治区 35163 聂荣县
7%
95°E 西藏自治区 42716 边坝县
7%
96°E 西藏自治区 53185 洛隆县
7%
97°E 西藏自治区 58856 类乌齐县
7%
106°E 贵州省 870441 西秀区
7%
115°E 河南省 1152685 太康县
7%
131°E 黑龙江省 286855 桦南县
7%
No matching quizzes found
Score Distribution
Percent of People with Each Score
Percentile by Number Answered
Your Score History
You have not taken this quiz